Senda azul (Record no. 142495)

MARC details
000 -LEADER
campo de control de longitud fija 00661nam a2200181 i 4500
001 - NÚMERO DE CONTROL
campo de control 142495
003 - IDENTIFICADOR DE NÚMERO DE CONTROL
campo de control ES-MaACL
005 - FECHA Y HORA DE LA ÚLTIMA TRANSACCIÓN
campo de control 20230906200534.0
007 - CAMPO FIJO DE DESCRIPCIÓN FÍSICA--INFORMACIÓN GENERAL
campo de control de longitud fija t|
008 - DATOS DE LONGITUD FIJA--INFORMACIÓN GENERAL
campo de control de longitud fija 071005s1970 sp ||||1| spa d
100 1# - ENTRADA PRINCIPAL--NOMBRE DE PERSONA
Nombre de persona Rodríguez Xuárez de la Guardia, María Josefa Juana.
9 (RLIN) 98866
245 10 - MENCIÓN DEL TÍTULO
Título Senda azul
Resto del título : María, vida y camino de santificación en Mª Josefa Rodríguez /
Mención de responsabilidad, etc. Lorenzo R. de Villalón.
260 ## - PUBLICACIÓN, DISTRIBUCIÓN, ETC.
Lugar de publicación, distribución, etc. Valladolid :
Nombre del editor, distribuidor, etc. [s.n.],
Fecha de publicación, distribución, etc. 1970 (
Fabricante Gráf. Andrés Martín)
300 ## - DESCRIPCIÓN FÍSICA
Extensión 192 p., 4 lám. ;
Dimensiones 19 cm.
600 14 - PUNTO DE ACCESO ADICIONAL DE MATERIA--NOMBRE DE PERSONA
Nombre de persona Virgen María-
Subdivisión de forma Meditaciones.
9 (RLIN) 115444
700 1# - ENTRADA AGREGADA--NOMBRE PERSONAL
Nombre de persona Villalón, Lorenzo R. de.
9 (RLIN) 114971
852 ## - LOCALIZACIÓN
Ubicación ES-MaACL
Número de control de estantería C-51441
Sublocalización o colección R.72481
Holdings
Estatus retirado Estado de pérdida Estado de daño No para préstamo Biblioteca de origen Biblioteca actual Ubicación en estantería Fecha de adquisición Fuente de adquisición Total de préstamos Signatura topográfica completa Código de barras Visto por última vez Precio de reemplazo Tipo de ítem Koha
        Biblioteca del Ateneo de Madrid Biblioteca del Ateneo de Madrid Depósito 2 17/01/2008     C-51441 1148265 23/02/2023 23/02/2023 Libro impreso